Landak Oh! Landak

Bibliographic Details
Main Author: Cengkerik
Format: Book
Published: Selangor : Pustaka Angsana , 2001
Series:Bacaan awal Sang Cengkerik
Subjects:

MARC

LEADER 00000cam a2200000 7i4500
001 0000001200
005 20220105103919.0
008 070703
020 |a 9830211738(set) 
020 |a 9830211940 
090 0 0 |a JP   |b MOR MAL (1419) 
100 0 |a Cengkerik 
245 1 0 |a Landak Oh! Landak   |c Cengkerik 
260 |a Selangor :   |b Pustaka Angsana ,   |c 2001 
440 |a Bacaan awal Sang Cengkerik 
500 |a Children age 4-6 years old (yellow) 
650 0 |a Judul 
650 0 |a Malay fiction 
650 0 |a Moral stories 
650 0 |a Siri 
999 |a 0000876678   |b Book   |c Children Collection   |e Cawangan Segamat 
999 |a 0000876681   |b Book   |c Children Collection   |e Cawangan Pontian 
999 |a 0000876685   |b Book   |c Children Collection   |e Cawangan Bandar Penawar 
999 |a 0000876687   |b Book   |c Children Collection   |e Cawangan Mersing 
999 |a 0000958833   |b Book   |c Children Collection   |e Cawangan Pontian 
999 |a 0000958835   |b Book   |c Children Collection   |e Cawangan Muar 
999 |a 0000958836   |b Book   |c Children Collection   |e Perbadanan Perpustakaan Awam Johor 
999 |a 0000958837   |b Book   |c Children Collection   |e Perbadanan Perpustakaan Awam Johor